000 01282cam a2200313 i 4500
001 21762862
005 20250417095439.0
008 201020s2021 tnu b 001 0 eng
010 _a 2020948516
020 _a9781400223954
020 _z9781400224036
041 _aeng
042 _apcc
082 _a658 RAJ
100 1 _aRajamannar, Raja,
245 1 0 _aQuantum Marketing :Mastering the New Marketing Mindset for Tomorrows Consumers
260 _aUSA
_bHarper Collins Leadership
_c2021
264 1 _aNashville :
_bHarperCollins Leadership,
_c[2021]
300 _axix, 220;. pages 24 cm
336 _atext
_btxt
_2rdacontent
337 _aunmediated
_bn
_2rdamedia
338 _avolume
_bnc
_2rdacarrier
504 _aIncludes bibliographical references (pages 201-210) and index.
520 _a"Raja Rajamannar, Chief Marketing Officer of Mastercard, shares breakthrough, frontier strategies to navigate the challenges marketers face to thrive in a modern business world that is changing with unprecedented speed and disruption"--
650 0 _aMarketing; Quantum Marketing
906 _a7
_bcbc
_corignew
_d2
_eepcn
_f20
_gy-gencatlg
942 _cBK
999 _c43586
_d43586